| 000 | 00334nam a2200121Ia 4500 | ||
|---|---|---|---|
| 008 | 230907s9999||||xx |||||||||||||| ||und|| | ||
| 082 |
_a371.1020973 _bARC |
||
| 100 |
_aArcher, Jeff, _9115599 |
||
| 245 | 0 | _aBetter feedback for better teaching : | |
| 300 | _axi, 361 pages : | ||
| 650 |
_aHandbooks, manuals, etc. _911475 |
||
| 942 | _cBK | ||
| 999 |
_c598920 _d598920 |
||